000 01325nam a22002417a 4500
999 _c61491
_d61491
003 Ge_BSU
005 20240327105059.0
008 240319s2005ge xxu||||| |||| 00| 0 geo d
020 _a9994025724
022 _29992896752
041 _ageo
080 _a94(479.22)(063) ს-18
245 _aსაისტორიო მაცნე :
_bშრომების კრებული XIV /
_cტომის რედ. ოთარ გოგოლიშვილი
264 _aბათუმი:
_bბათუმის უნივერსიტეტის გამ-ბა,
_c2005.
300 _a284 გვ:,
_b20 სმ.
500 _aსაისტორიო მაცნე გამოდის 1995 წლიდან
600 _aეძღვნება უნივერსიტეტის დაარსებიდან 70 წლისთავს
_921474
653 _aსაისტორიო მაცნე
653 _aშრომების კრებული
700 _aგოგოლიშვილი, ოთარ
_dრედაქტორი
_921475
710 _aბათუმის სახელმწიფო უნივერსიტეტი საქართველოს ისტორიის კათედრა
_921476
942 _2udc
_cSHR